Statistics for Most Common First Names in the United States - W

Click here to take the quiz!

General Stats

  • This quiz has been taken 414 times
  • The average score is 8 of 20

Answer Stats

HintAnswer% Correct
5William
99%
115Wendy
77%
41Walter
70%
87Wanda
66%
212Wilma
56%
164Warren
55%
219Willie
50%
61Willie
50%
171Wesley
46%
72Wayne
45%
699Winnie
41%
264Wallace
37%
300Wade
35%
688Willa
34%
368Whitney
22%
499Winifred
21%
310Wendell
16%
884Wendi
11%
280Willard
9%
920Wilda
4%

Score Distribution

Percentile by Number Answered

Percent of People with Each Score

Your Score History

You have not taken this quiz